000 00460nam a2200169Ia 4500
005 20250423100733.0
008 250422s9999 xx 000 0 und d
020 _a0- 534- 00625- 6
050 _aHD 30 .25 .E27/
100 _aR. D. Eck
245 0 _aQM, an introduction to quantitative methods for business application
260 _bWadsworth
260 _c1979
300 _a539 p
650 _aIndustrial management- mathematical models
942 _cBK
999 _c34195
_d34195